| 000 | 01823nam a2200313 i 4500 | ||
|---|---|---|---|
| 001 | 768714001 | ||
| 003 | CO-MdFUSB | ||
| 005 | 20231123165116.0 | ||
| 007 | ta | ||
| 008 | 200513t1982 ec |||| |||| 00| 0 spa d | ||
| 020 | _a[No incluye ISBN] | ||
| 040 |
_aCO-MdFUSB _bspa _cCO-MdFUSB _dCO-MdFUSBC _erda |
||
| 041 | _aspa | ||
| 082 |
_223 _a230.93 _bT628 |
||
| 100 |
_aTobar García, Julio _eautor |
||
| 245 | 1 | 4 |
_aLos mormones _b: su historia el libro mormón sus doctrinas _c/ Julio Tobar Garcia , Gabriel Díaz Cueva |
| 264 | 1 |
_aQuito, Ecuador _bImprimi Potest, _c[1982] |
|
| 264 | _c© 1982 | ||
| 300 |
_c54 páginas ; _a21 cm |
||
| 336 |
_2rdacontent _atexto _btxt |
||
| 337 |
_2rdamedia _asin mediación _bn |
||
| 338 |
_2rdacarrier _avolumen _bnc |
||
| 505 | _aHistoria: La confusión de las sectas - El analfabeto - La lengua de Egipto - Se funda una nueva iglesia - Peleas y dimensiones - Catástrofe en un cárcel - Un nuevo Moisés y un nuevo éxodo - La figura del organizador -- El libro de Mormón: ¿Invención o plagio? - José Smith y el profesor universitario - El libro de Mormón y la Biblia - Jesús en América - Anacronismos bíblicos - Las epístolas de Pedro y Pablo en América - Omisiones inexplicables - Sigue el Nuevo Testamento - El "egipcio reformado" - El Urim y Tummim - Otros anacronismos - El problema de los nombres - Los cambios en el "Libro inspirado" -- Las Doctrinas: Otros libros inspirados - El concepto de Dios - La poligamia - Doctrina sobre Jesucristo - La iglesia - El bautismo por los muertos - Bautismo y genealogías - Escatología - Nueva Biblia, "traducción inspirada" -- Conclusión -- Orientaciones pastorales -- Bibliografía | ||
| 563 | _aRústico | ||
| 650 | 7 |
_91217 _aMormonismo |
|
| 700 |
_93670 _aDíaz Cueva, Gabriel _eautor |
||
| 942 | _cBK | ||
| 945 | _aDani | ||
| 999 |
_c65873 _d65873 |
||